| 000 | 00599cam a2200169 a 4500 | ||
|---|---|---|---|
| 001 | 000014332 | ||
| 005 | 20200929163558.0 | ||
| 008 | 960423s1995 pr a 000 0 spa | ||
| 040 |
_aDO-SdBNP _bspa _cBNPHU |
||
| 082 |
_a331.01 _bI68r |
||
| 100 | 1 |
_aIrizarry, Aníbal. _932347 |
|
| 245 | 1 | 0 |
_aReflexiones y anécdotas en torno al mundo del trabajo / _cAníbal Irizarry. |
| 260 |
_aSan Juan, Puerto Rico : _bTalleres Gráficos Ramallo Bros, _c1995. |
||
| 300 |
_aix, 432 p. : _bil. ; _c23 cm. |
||
| 650 | 4 |
_aRelaciones industriales _zPuerto Rico _932348 |
|
| 650 | 4 |
_aDerecho al trabajo _zPuerto Rico _932349 |
|
| 999 |
_c13927 _d13927 |
||